| 000 | 00785nam a2200217 i 4500 | ||
|---|---|---|---|
| 001 | 84489 | ||
| 003 | ES-MaACL | ||
| 005 | 20230906175025.0 | ||
| 007 | t| | ||
| 008 | 041123s1935 sp ||||1| spa d | ||
| 100 | 1 |
_aJochmann, Georg. _966692 |
|
| 245 | 1 | 0 |
_aTratado de las enfermedades infecciosas / _cGeorg Jochmann, C. Hegler ; publicado con la colaboración de B. Nocht y E. Paschen ; traducción de Francisco Piñero. |
| 250 |
_a2ª ed. alemán rev. y amp. _bpor C. Hegler. |
||
| 260 |
_aBarcelona : _b[s.n., _c1935] ( _fTalleres Gráficos Ibero Americanos) |
||
| 300 |
_aXII, 1180 p. ; _c25 cm. |
||
| 700 | 1 |
_aHegler, Carl. _962325 |
|
| 700 | 1 |
_aNocht, Bernhard. _985815 |
|
| 700 | 1 |
_aPaschen, E. _989323 |
|
| 700 | 1 |
_aPiñero, Francisco. _992274 |
|
| 852 |
_aES-MaACL _jE-1300 |
||
| 999 |
_c84489 _d84489 |
||